• 首页
  • 本馆介绍
  • 公告通知
  • 最新文献
  • 馆藏检索
  • 电子资源
  • 读者导购
  • 参考咨询
  • 我的图书馆
  • 登录
  • 详细信息显示
  • 放入我的书架
  • 预约/预借图书
  • 作者相关作品
  • 分类相关作品
  • 丛书相关作品
  • 出版社相关作品

书目信息

  • 表格格式
  • 工作单格式
  • 卡片格式
题名:
纳税检查案例分析
    
 
作者: 杨志清 主编
分册:  
出版信息: 北京   中国人民大学出版社  2005
页数: 405页
开本: 23cm
丛书名:
单 册:
中图分类: F812.423
科图分类:
主题词: 税收管理--案例--分析--中国--高等学校--教学参考资料 , 税收管理
电子资源:
ISBN: 7-300-06600-3
000 01038nam0 2200265 450
000 01054nam0 2200265 450
000 00983nam0 2200241 450
000 00947nam0 2200229 45
005 20070725134853.31
010    @a7-300-06600-3@dCNY30.00
100    @a20070627d2005 em y0chiy0120 ea
101 0  @achi
102    @aCN@b110000
105    @ay z 000yy
200 1  @a纳税检查案例分析@ANa Shui Jian Cha An Li Fen Xi@f杨志清主编@FYang Zhi Qing Zhu Bian
210    @a北京@c中国人民大学出版社@d2005
215    @a405页@d23cm
300    @a面向21世纪课程教材经济管理类课程教材·税收系列
330    @a本书以税收政策法律为依据,按纳税人会计核算程序,分增值税、消费税、营业税、城市维护建设税、关税、资源税、土地资源税、城镇土地使用税等15个现行税种,精析了158个纳税检查案例,每个案例都配有分析点评和附录。
606 0  @a税收管理@x案例@x分析@y中国@x高等学校@j教学参考资料
606 0  @a税收管理
690    @aF812.423@v4
701  0 @a杨志清@AYang Zhi Qing@c(财经)@4主编
801  0 @aCN@bTAOJIN@c20070725
905    @a10447@dF812.423@e45
    
    纳税检查案例分析/杨志清主编.-北京:中国人民大学出版社,2005
    405页;23cm
    面向21世纪课程教材经济管理类课程教材·税收系列
    
    ISBN 7-300-06600-3:CNY30.00
    本书以税收政策法律为依据,按纳税人会计核算程序,分增值税、消费税、营业税、城市维护建设税、关税、资源税、土地资源税、城镇土地使用税等15个现行税种,精析了158个纳税检查案例,每个案例都配有分析点评和附录。
●
相关链接 在E读中查询图书 在五车中查询图书 在当当中查询图书 在豆瓣中查询图书


正题名:纳税检查案例分析     索取号:F812.423/45         预约/预借

序号 登录号 条形码 馆藏地/架位号 状态 备注
1 0825398   208253986   第一样本阅览室/ [索取号:F812.423/45] 在馆    
2 0825399   208253995   密集书库/ [索取号:F812.423/45] 在馆    
3 0825400   208254002   第一借阅区/ [索取号:F812.423/45] 在馆    
4 0825401   208254011   第一借阅区/ [索取号:F812.423/45] 在馆    
5 0825402   208254020   密集书库/ [索取号:F812.423/45] 在馆    
6 0825403   208254039   第一借阅区/ [索取号:F812.423/45] 在馆    
7 0825404   208254048   第一借阅区/ [索取号:F812.423/45] 在馆    
8 0825405   208254057   第一借阅区/ [索取号:F812.423/45] 在馆    
唐山师范学院图书馆 欢迎您!
大连网信软件有限公司© 版权所有